000 00379nam a22001451a 4500
020 _a9788176481182
082 _a934
_bNAR/R
100 _aNaravane M S
245 _aThe Rajputs of Rajputana:
_ba glimpse of medieval Rajasthan/
_cby Naravane M S
260 _aNew Delhi:
_bA P H,
_c1999.
300 _a184p.
650 _aHistory India Ancient
650 _aHistory
942 _cBK
999 _c37140
_d37140